000 01377nas a2200277Ia 4500
001 R052-S5598
003 IT-CnALBA
008 170116c99999999xx |||||||||||| ||und||
040 _aIT-CnALBA
_cIT-CnALBA
041 _aITALIANO
100 _aSTEFANI GINO
210 _aSERVIZIO DELLA PAROLA
222 _aSERVIZIO DELLA PAROLA
245 0 _aSERVIZIO DELLA PAROLA. N. 49. GIUGNO 1973. SUSSIDIO PER LA PREDICAZIONE.
_b SUSSIDIO PER LA PREDICAZIONE
250 _a1a ed.
260 _a BRESCIA
_bQUERINIANA EDIT. LIBR. VESC.
_c1973 [1° Ed.:1973 - Ed.Ling.Originale: 1973]
300 _a108 p.
310 _aMENSILE
362 _aFascicolo: 49 / (1973)
500 _aPENTECOSTE. TRINITÀ. CORPO E SANGUE DI CRISTO. SS. PIETRO E PAOLO. DOMENICHE 12 16. GUIDA OMELIA. GUIDA MESSA C, P. MESSA PROPOSTE. BALDUCCI E. BISCONTIN G. BORELLO L. BIANCHI E. CUMINETTI M. JOANNES V. LEVI A. RIVA A. RIZZI A. SARTORI R.
501 _aSocietà San Paolo EM - Piazza San Paolo, 14 - 12051 ALBA (CN) (non commercial uses only) ® Copyright 2017
520 _aPENTECOSTE. TRINITÀ. CORPO E SANGUE DI CRISTO. SS. PIETRO E PAOLO. DOMENICHE 12 16. GUIDA OMELIA. GUIDA MESSA C, P. MESSA PROPOSTE. BALDUCCI E. BISCONTIN G. BORELLO L. BIANCHI E. CUMINETTI M. JOANNES V. LEVI A. RIVA A. RIZZI A. SARTORI R.
650 _aPREDICAZIONE - ORATORIA SACRA
942 _cCR
957 _71
999 _a67705
_bNO
_g1
_c333770
_d333770